[Event "Montreal op"]
[Site "Montreal CAN"]
[Date "2005.07.19"]
[Round "3"]
[White "Feoktistov, Dmitri"]
[Black "Trahan, Daniel"]
[Result "1-0"]
[WhiteElo "2234"]
[BlackElo "1999"]
[PlyCount "71"]
[GameId "2160767910901152"]
[EventDate "2005.07.15"]
[EventType "swiss"]
[EventRounds "9"]
[EventCountry "CAN"]
[SourceTitle "EXT 2007"]
[Source "ChessBase"]
[SourceDate "2006.11.23"]
[SourceVersion "1"]
[SourceVersionDate "2006.11.23"]
[SourceQuality "1"]

1. e4 c5 2. c3 Nf6 3. e5 Nd5 4. d4 cxd4 5. Nf3 Nc6 6. cxd4 e6 7. Nc3 Nxc3 8. bxc3 d6 9. Bf4 Be7 10. Bd3 dxe5 11. Nxe5 Nxe5 12. Bxe5 O-O 13. O-O Bf6 14. f4 Be7 15. Qh5 f5 16. Rf3 g6 17. Rg3 Bf6 18. Re1 Bxe5 19. Rxe5 Qc7 20. Bc2 a5 21. Qf3 Bd7 22. Qe3 a4 23. h4 Ra5 24. Rxa5 Qxa5 25. h5 Kf7 26. Bd1 Qd5 27. Bf3 Qb5 28. d5 exd5 29. Qe5 Qb6+ 30. Kh2 Re8 31. Bxd5+ Be6 32. h6 Bxd5 33. Qg7+ Ke6 34. Rxg6+ hxg6 35. Qxg6+ Kd7 36. Qxb6 1-0

[Event "Montreal op"]
[Site "Montreal CAN"]
[Date "2005.07.19"]
[Round "3"]
[White "Libersan, Thierry"]
[Black "Bolduc, Steve"]
[Result "1/2-1/2"]
[WhiteElo "2065"]
[BlackElo "2206"]
[PlyCount "139"]
[GameId "2160767910901154"]
[EventDate "2005.07.15"]
[EventType "swiss"]
[EventRounds "9"]
[EventCountry "CAN"]
[SourceTitle "EXT 2007"]
[Source "ChessBase"]
[SourceDate "2006.11.23"]
[SourceVersion "1"]
[SourceVersionDate "2006.11.23"]
[SourceQuality "1"]

1. e4 c5 2. Nf3 d6 3. d4 cxd4 4. Nxd4 Nf6 5. Nc3 a6 6. Bc4 e6 7. Bb3 Be7 8. Be3 Nbd7 9. Bxe6 fxe6 10. Nxe6 Qa5 11. Nxg7+ Kf7 12. Nf5 Ne5 13. Nxe7 Kxe7 14. f4 Bg4 15. Qd4 Nc6 16. Qd2 Qb4 17. e5 dxe5 18. fxe5 Nxe5 19. Bg5 Qc4 20. b3 Qc6 21. O-O Bf3 22. Rae1 Qc5+ 23. Kh1 Kf7 24. Rxe5 Qxe5 25. Rxf3 Rhd8 26. Bxf6 Rxd2 27. Bxe5+ Ke6 28. Bg3 Rxc2 29. h3 Rd8 30. Ne4 Rd1+ 31. Kh2 Ra1 32. Ng5+ Kd7 33. Rf7+ Ke8 34. Bd6 Raxa2 35. Re7+ Kd8 36. Ne6+ Kc8 37. Nc5 Rxg2+ 38. Kh1 Rge2 39. Rc7+ Kd8 40. Nxb7+ Ke8 41. Rc1 Re3 42. Nc5 Rxh3+ 43. Kg1 Re3 44. Rf1 Kd8 45. Rf8+ Re8 46. Bc7+ Ke7 47. Bd6+ Kxd6 48. Rxe8 Kxc5 49. Rh8 Rb2 50. Rxh7 Rxb3 51. Kf2 Rd3 52. Ke2 Rd5 53. Rh1 Kb4 54. Rd1 Rc5 55. Kd2 Kb3 56. Rb1+ Ka2 57. Rb6 a5 58. Rb7 a4 59. Rb6 a3 60. Rb7 Rh5 61. Rb6 Rh2+ 62. Kc1 Rb2 63. Ra6 Rb7 64. Rc6 Rh7 65. Rb6 Rc7+ 66. Kd2 Rc4 67. Rb7 Ka1 68. Rb5 a2 69. Rb6 Rb4 70. Rxb4 1/2-1/2

[Event "Montreal op"]
[Site "Montreal CAN"]
[Date "2005.07.19"]
[Round "3"]
[White "Luksza, Arkadiusz"]
[Black "Voskanyan, Vahagn"]
[Result "0-1"]
[WhiteElo "2173"]
[BlackElo "2277"]
[PlyCount "106"]
[GameId "2160767910901155"]
[EventDate "2005.07.15"]
[EventType "swiss"]
[EventRounds "9"]
[EventCountry "CAN"]
[SourceTitle "EXT 2007"]
[Source "ChessBase"]
[SourceDate "2006.11.23"]
[SourceVersion "1"]
[SourceVersionDate "2006.11.23"]
[SourceQuality "1"]

1. c4 c5 2. Nc3 Nf6 3. g3 d5 4. cxd5 Nxd5 5. Bg2 Nc7 6. Nf3 Nc6 7. d3 e5 8. O-O Be7 9. b3 O-O 10. Bb2 Bg4 11. Rc1 f6 12. h3 Bh5 13. g4 Bf7 14. Nh4 Re8 15. e3 Qd7 16. Qe2 Rad8 17. Rfd1 Bf8 18. Kh1 b6 19. Rd2 Nb4 20. Rcd1 Ncd5 21. Nxd5 Nxd5 22. Be4 Nb4 23. Bc3 a5 24. Bxb4 axb4 25. Qf3 g6 26. Bc6 Bd5 27. Bxd5+ Qxd5 28. Qxd5+ Rxd5 29. e4 Rd7 30. Ng2 Bh6 31. Ne3 Red8 32. Kg2 Kf7 33. Kf3 Ke6 34. Ke2 Bxe3 35. fxe3 g5 36. Rh1 h5 37. h4 hxg4 38. hxg5 Rg8 39. gxf6 Kxf6 40. Kf2 Kg5 41. Kg2 Rf8 42. Rf1 Rxf1 43. Kxf1 g3 44. Kg2 Kg4 45. Rd1 Ra7 46. Rd2 Rh7 47. Rd1 Rh2+ 48. Kg1 Kh3 49. d4 g2 50. Kf2 Rh1 51. Rg1 Rxg1 52. Kxg1 cxd4 53. exd4 exd4 0-1

[Event "Montreal op"]
[Site "Montreal CAN"]
[Date "2005.07.19"]
[Round "3"]
[White "Malek, Omid"]
[Black "Rouleau, Paul"]
[Result "1-0"]
[WhiteElo "2020"]
[BlackElo "1919"]
[PlyCount "71"]
[GameId "2160767910901156"]
[EventDate "2005.07.15"]
[EventType "swiss"]
[EventRounds "9"]
[EventCountry "CAN"]
[SourceTitle "EXT 2007"]
[Source "ChessBase"]
[SourceDate "2006.11.23"]
[SourceVersion "1"]
[SourceVersionDate "2006.11.23"]
[SourceQuality "1"]

1. e4 e5 2. Nf3 Nc6 3. Bb5 a6 4. Ba4 Nf6 5. O-O Be7 6. Re1 b5 7. Bb3 d6 8. c3 O-O 9. h3 Nd7 10. d4 Bf6 11. a4 Bb7 12. Na3 Nb6 13. axb5 axb5 14. Be3 Na5 15. d5 Nbc4 16. Nxb5 Nxb2 17. Qc2 Nbc4 18. Bxc4 Nxc4 19. Rxa8 Bxa8 20. Qb3 Nxe3 21. Rxe3 c6 22. dxc6 Bxc6 23. c4 Be7 24. Nc3 f5 25. Nd5 Bg5 26. Re1 Bxd5 27. cxd5 Qa5 28. Rb1 Bd8 29. exf5 Rxf5 30. Qb8 Qc7 31. Qb5 Rf4 32. Ra1 Rf8 33. Ra8 Kf7 34. Qb1 g6 35. Ng5+ Kg7 36. Ne6+ 1-0

[Event "Montreal op"]
[Site "Montreal CAN"]
[Date "2005.07.19"]
[Round "3"]
[White "Masse, Hugues"]
[Black "Larochelle, Martial"]
[Result "0-1"]
[WhiteElo "2264"]
[BlackElo "2140"]
[PlyCount "78"]
[GameId "2160767910901157"]
[EventDate "2005.07.15"]
[EventType "swiss"]
[EventRounds "9"]
[EventCountry "CAN"]
[SourceTitle "EXT 2007"]
[Source "ChessBase"]
[SourceDate "2006.11.23"]
[SourceVersion "1"]
[SourceVersionDate "2006.11.23"]
[SourceQuality "1"]

1. d4 Nf6 2. c4 g6 3. Nc3 d5 4. Nf3 Bg7 5. Qb3 dxc4 6. Qxc4 O-O 7. e4 Nc6 8. Be2 Bg4 9. d5 Na5 10. Qa4 Bxf3 11. Bxf3 c6 12. O-O b5 13. Qb4 a6 14. Rd1 Nd7 15. Be3 Rc8 16. dxc6 Nxc6 17. Qb3 e6 18. a4 b4 19. Na2 a5 20. Rac1 Qe7 21. Be2 e5 22. Qc4 Nd4 23. Qxc8 Rxc8 24. Rxc8+ Bf8 25. Bb5 Qe6 26. Bc4 Qg4 27. Rc1 Nb6 28. Rb8 Nxc4 29. Bh6 Ne6 30. f3 Qh4 31. Bxf8 Nxf8 32. g3 Qg5 33. f4 Qg4 34. b3 Nd6 35. fxe5 Nxe4 36. Rcc8 Qd1+ 37. Kg2 Qe2+ 38. Kh3 Ng5+ 39. Kh4 Qh5# 0-1

[Event "Montreal op"]
[Site "Montreal CAN"]
[Date "2005.07.19"]
[Round "3"]
[White "McDonough, Jonathan"]
[Black "Robichaud, Louis"]
[Result "1-0"]
[WhiteElo "2222"]
[BlackElo "2158"]
[PlyCount "119"]
[GameId "2160767910901158"]
[EventDate "2005.07.15"]
[EventType "swiss"]
[EventRounds "9"]
[EventCountry "CAN"]
[SourceTitle "EXT 2007"]
[Source "ChessBase"]
[SourceDate "2006.11.23"]
[SourceVersion "1"]
[SourceVersionDate "2006.11.23"]
[SourceQuality "1"]

1. d4 Nf6 2. c4 g6 3. Nc3 Bg7 4. Nf3 O-O 5. g3 d6 6. Bg2 Nbd7 7. O-O e5 8. e4 exd4 9. Nxd4 c6 10. h3 Re8 11. Re1 a5 12. Be3 Nc5 13. Qc2 a4 14. Rad1 Nfd7 15. Nde2 Qe7 16. Bd4 Bh6 17. f4 a3 18. b3 Na6 19. Qd2 Nac5 20. Bf2 Bf8 21. Nc1 Ne6 22. Kh2 Qf6 23. N1e2 Qh8 24. Na4 Ra6 25. f5 Nec5 26. Bd4 Ne5 27. Nxc5 dxc5 28. Bc3 Qf6 29. fxg6 fxg6 30. Nf4 Bg7 31. Re3 Ra8 32. Qd6 Qxd6 33. Rxd6 Nf7 34. Rdd3 Bxc3 35. Rxc3 Ne5 36. Nd3 Bd7 37. Nxe5 Rxe5 38. Rcd3 Re7 39. Rf3 Be6 40. Rd6 Kg7 41. Rfd3 Kf6 42. Rd2 Ke5 43. R6d3 Rf8 44. g4 g5 45. Kg3 Ree8 46. Bf3 Rb8 47. h4 gxh4+ 48. Kxh4 b5 49. cxb5 cxb5 50. Rc3 Rfc8 51. Be2 c4 52. bxc4 b4 53. Re3 Bxc4 54. Bxc4 Rxc4 55. Rd5+ Ke6 56. Ra5 Rc2 57. e5 Rxa2 58. Ra6+ Ke7 59. e6 b3 60. Rf3 1-0

[Event "Montreal op"]
[Site "Montreal CAN"]
[Date "2005.07.19"]
[Round "3"]
[White "Nicula, Marius"]
[Black "Gravel, Simon M"]
[Result "0-1"]
[WhiteElo "2163"]
[BlackElo "2287"]
[PlyCount "38"]
[GameId "2160767910901159"]
[EventDate "2005.07.15"]
[EventType "swiss"]
[EventRounds "9"]
[EventCountry "CAN"]
[SourceTitle "EXT 2007"]
[Source "ChessBase"]
[SourceDate "2006.11.23"]
[SourceVersion "1"]
[SourceVersionDate "2006.11.23"]
[SourceQuality "1"]

1. Nf3 Nf6 2. d4 g6 3. Bg5 Bg7 4. Nbd2 c5 5. Bxf6 Bxf6 6. Ne4 Bxd4 7. Nxd4 cxd4 8. Qxd4 O-O 9. h4 Qa5+ 10. Nc3 Nc6 11. Qd2 d6 12. e4 Be6 13. Be2 Rac8 14. f4 f5 15. h5 fxe4 16. hxg6 hxg6 17. g4 Nb4 18. f5 e3 19. Qd1 Bxf5 0-1

[Event "Montreal op"]
[Site "Montreal CAN"]
[Date "2005.07.19"]
[Round "3"]
[White "Rivest, Jean-Michel"]
[Black "Fernandez, Lautaro"]
[Result "1-0"]
[WhiteElo "1920"]
[BlackElo "2120"]
[PlyCount "73"]
[GameId "2160767910901160"]
[EventDate "2005.07.15"]
[EventType "swiss"]
[EventRounds "9"]
[EventCountry "CAN"]
[SourceTitle "EXT 2007"]
[Source "ChessBase"]
[SourceDate "2006.11.23"]
[SourceVersion "1"]
[SourceVersionDate "2006.11.23"]
[SourceQuality "1"]

1. e4 c5 2. Nf3 e6 3. d4 cxd4 4. Nxd4 Nf6 5. Nc3 Qb6 6. Nb3 Bb4 7. Bd3 d5 8. exd5 Nxd5 9. Bd2 Nxc3 10. bxc3 Be7 11. Qh5 Nd7 12. O-O Nf6 13. Qg5 Bd7 14. Qxg7 Rg8 15. Qh6 Bc6 16. g3 Ng4 17. Qh5 Bf6 18. Rae1 Ke7 19. Nd4 Bxd4 20. cxd4 Qxd4 21. Bg5+ f6 22. Qxh7+ Kd6 23. Bc1 Bd5 24. Ba3+ Kc6 25. c4 Bxc4 26. Bxc4 Ne5 27. Be2 b5 28. Rc1+ Nc4 29. Bf3+ Kb6 30. Rxc4 Qxc4 31. Qb7+ Ka5 32. Rc1 Qd3 33. Qc7+ Ka4 34. Bd1+ Kxa3 35. Rc3+ Qxc3 36. Qxc3+ Kxa2 37. Bb3+ 1-0

[Event "Montreal op"]
[Site "Montreal CAN"]
[Date "2005.07.19"]
[Round "3"]
[White "Tessier, Olivier"]
[Black "Malveau, Cedric"]
[Result "1-0"]
[WhiteElo "2136"]
[BlackElo "1970"]
[PlyCount "141"]
[GameId "2160767910901162"]
[EventDate "2005.07.15"]
[EventType "swiss"]
[EventRounds "9"]
[EventCountry "CAN"]
[SourceTitle "EXT 2007"]
[Source "ChessBase"]
[SourceDate "2006.11.23"]
[SourceVersion "1"]
[SourceVersionDate "2006.11.23"]
[SourceQuality "1"]

1. e4 c5 2. Nf3 d6 3. c3 Nf6 4. Be2 Nc6 5. Qc2 Bg4 6. d3 g6 7. h3 Bxf3 8. Bxf3 Bg7 9. Bg5 O-O 10. O-O Qd7 11. Nd2 Ne8 12. Rfe1 Nc7 13. Bg4 e6 14. f4 f5 15. exf5 exf5 16. Bf3 Rfe8 17. Qb3+ d5 18. Rxe8+ Rxe8 19. Qxb7 Qd6 20. Nc4 dxc4 21. Qxc6 Qxc6 22. Bxc6 Re6 23. Ba4 Re2 24. dxc4 Ne6 25. Rb1 h6 26. Bh4 Nxf4 27. Bc6 g5 28. Bg3 Nd3 29. Kf1 Rd2 30. Bd5+ Kh7 31. b4 Bxc3 32. bxc5 Nxc5 33. Be1 Rb2 34. Rxb2 Bxb2 35. Bf2 Ba3 36. Ke2 Kg7 37. Bd4+ Kg6 38. Be5 Nd7 39. Bd4 Nc5 40. Kd2 h5 41. Kc2 f4 42. Bb2 Bb4 43. Be5 Kf5 44. Bb8 a5 45. Bf7 Nd7 46. Ba7 Ne5 47. Bd5 g4 48. hxg4+ hxg4 49. c5 g3 50. c6 Bd6 51. Bb6 f3 52. Bxf3 Nxf3 53. gxf3 g2 54. Kb3 Bc7 55. Be3 Ke5 56. Kc4 Kd6 57. Kb5 Kd5 58. a4 Kd6 59. f4 Kd5 60. f5 Ke4 61. Bg1 Kd5 62. f6 Ke6 63. Ka6 Kxf6 64. Kb7 Bd6 65. Kb6 Ke6 66. Kxa5 Bc7+ 67. Ka6 Kd5 68. Kb7 Ba5 69. c7 Bxc7 70. Kxc7 Kc4 71. Kb6 1-0

[Event "Montreal op"]
[Site "Montreal CAN"]
[Date "2005.07.19"]
[Round "3"]
[White "Tremblay, Rejean"]
[Black "Noble, Matthew"]
[Result "1/2-1/2"]
[WhiteElo "2223"]
[BlackElo "2368"]
[PlyCount "46"]
[GameId "2160767910901163"]
[EventDate "2005.07.15"]
[EventType "swiss"]
[EventRounds "9"]
[EventCountry "CAN"]
[SourceTitle "EXT 2007"]
[Source "ChessBase"]
[SourceDate "2006.11.23"]
[SourceVersion "1"]
[SourceVersionDate "2006.11.23"]
[SourceQuality "1"]

1. d4 d5 2. c4 e6 3. Nc3 c5 4. cxd5 exd5 5. Nf3 Nc6 6. g3 Nf6 7. Bg2 Be7 8. O-O O-O 9. dxc5 Bxc5 10. Bg5 d4 11. Bxf6 Qxf6 12. Ne4 Qe7 13. Nxc5 Qxc5 14. Qd2 Bg4 15. Rac1 Qb6 16. h3 Bh5 17. Rfd1 Rfd8 18. Rc4 d3 19. g4 dxe2 20. Qxe2 Rxd1+ 21. Qxd1 Bg6 22. b3 Rd8 23. Qe1 h6 1/2-1/2

[Event "Montreal op"]
[Site "Montreal CAN"]
[Date "2005.07.19"]
[Round "3"]
[White "Yao, Sammy"]
[Black "Roy, Alain"]
[Result "0-1"]
[WhiteElo "1862"]
[BlackElo "2117"]
[PlyCount "116"]
[GameId "2160767910901164"]
[EventDate "2005.07.15"]
[EventType "swiss"]
[EventRounds "9"]
[EventCountry "CAN"]
[SourceTitle "EXT 2007"]
[Source "ChessBase"]
[SourceDate "2006.11.23"]
[SourceVersion "1"]
[SourceVersionDate "2006.11.23"]
[SourceQuality "1"]

1. e4 g6 2. d4 Bg7 3. Nc3 d6 4. Nf3 Bg4 5. Be3 Nf6 6. Qd2 c6 7. O-O-O b5 8. e5 b4 9. exf6 bxc3 10. Qxc3 Bxf6 11. h3 Bxf3 12. gxf3 Qb6 13. Bc4 d5 14. Bb3 O-O 15. Bh6 Rd8 16. h4 a5 17. a4 Nd7 18. Qe3 e5 19. dxe5 Qxe3+ 20. fxe3 Bxe5 21. c3 Rab8 22. Bc2 Nb6 23. Bb3 Rb7 24. e4 Nd7 25. exd5 Nc5 26. Bc4 cxd5 27. Rhe1 Bg7 28. Bg5 Rdb8 29. Bb5 d4 30. cxd4 Nb3+ 31. Kb1 Nxd4 32. Bf4 Rf8 33. Bd6 Nxb5 34. axb5 Rd8 35. Ba3 Rxd1+ 36. Rxd1 h5 37. Rd8+ Kh7 38. Rd5 Bf6 39. Kc2 a4 40. Kd3 Bxh4 41. Kc4 Bf6 42. Kc5 h4 43. Kc6 Rb8 44. b6 h3 45. Bd6 Rc8+ 46. Kd7 Rd8+ 47. Kc7 h2 48. Rd1 Be7 49. Rh1 Rxd6 50. Rxh2+ Kg7 51. Re2 Bf8 52. Re8 Rd3 53. b7 Bd6+ 54. Kc6 Bg3 55. Re4 Rxf3 56. Rxa4 Rb3 57. Rg4 Bb8 58. Rg2 f5 0-1

[Event "Montreal op"]
[Site "Montreal CAN"]
[Date "2005.07.17"]
[Round "4"]
[White "Hajiyev, Elshad"]
[Black "Gauthier, Denis"]
[Result "1-0"]
[WhiteElo "1954"]
[BlackElo "1876"]
[PlyCount "65"]
[GameId "2160767910901165"]
[EventDate "2005.07.15"]
[EventType "swiss"]
[EventRounds "9"]
[EventCountry "CAN"]
[SourceTitle "EXT 2007"]
[Source "ChessBase"]
[SourceDate "2006.11.23"]
[SourceVersion "1"]
[SourceVersionDate "2006.11.23"]
[SourceQuality "1"]

1. d4 Nf6 2. Nf3 e6 3. Bg5 h6 4. Bf4 b6 5. e3 Bb7 6. Bd3 c5 7. c3 Be7 8. Nbd2 O-O 9. Rc1 d6 10. Qe2 Nbd7 11. e4 Re8 12. O-O Nf8 13. Bb5 N8d7 14. e5 Nd5 15. Bg3 a6 16. Bxd7 Qxd7 17. Ne4 dxe5 18. dxe5 b5 19. Nd6 Rf8 20. c4 Nb6 21. Rfd1 Qc6 22. Nxb7 Qxb7 23. b3 Qc6 24. Nd2 Rfd8 25. Ne4 Rab8 26. h3 bxc4 27. bxc4 Qa4 28. Nd6 Rd7 29. Bf4 Rbd8 30. Rc3 Nd5 31. cxd5 Qxf4 32. Rc4 Qg5 33. Rg4 1-0

[Event "Montreal op"]
[Site "Montreal CAN"]
[Date "2005.07.17"]
[Round "4"]
[White "Lalumiere, Claude"]
[Black "Morin, Louis"]
[Result "1-0"]
[WhiteElo "1861"]
[BlackElo "1992"]
[PlyCount "71"]
[GameId "2160767910901166"]
[EventDate "2005.07.15"]
[EventType "swiss"]
[EventRounds "9"]
[EventCountry "CAN"]
[SourceTitle "EXT 2007"]
[Source "ChessBase"]
[SourceDate "2006.11.23"]
[SourceVersion "1"]
[SourceVersionDate "2006.11.23"]
[SourceQuality "1"]

1. e4 e5 2. f4 exf4 3. Nf3 h6 4. Bc4 d6 5. d4 g5 6. O-O Bg7 7. c3 Ne7 8. Qd3 O-O 9. Bb3 Kh8 10. Nbd2 c6 11. a4 Bg4 12. g3 fxg3 13. hxg3 d5 14. Rf2 Qd6 15. Nf1 dxe4 16. Qxe4 f5 17. Qd3 Bxf3 18. Qxf3 Nd7 19. Ne3 f4 20. Nc4 Qd5 21. gxf4 Qxf3 22. Rxf3 Ng6 23. Nd6 Nxf4 24. Nf7+ Rxf7 25. Bxf7 Rf8 26. Bc4 Nb6 27. Bf1 Nbd5 28. Bd2 h5 29. Re1 g4 30. Rg3 Kh7 31. Re4 Kg6 32. a5 Kf5 33. Rxf4+ Nxf4 34. Re3 Bf6 35. Bc4 Nd5 36. Bd3+ 1-0

[Event "Montreal op"]
[Site "Montreal CAN"]
[Date "2005.07.17"]
[Round "4"]
[White "Pilotte, Benoit"]
[Black "Gunapalan, David"]
[Result "1-0"]
[WhiteElo "1795"]
[BlackElo "1980"]
[PlyCount "65"]
[GameId "2160767910901167"]
[EventDate "2005.07.15"]
[EventType "swiss"]
[EventRounds "9"]
[EventCountry "CAN"]
[SourceTitle "EXT 2007"]
[Source "ChessBase"]
[SourceDate "2006.11.23"]
[SourceVersion "1"]
[SourceVersionDate "2006.11.23"]
[SourceQuality "1"]

1. d4 Nf6 2. Bg5 c5 3. Bxf6 gxf6 4. d5 Qb6 5. Nd2 Qxb2 6. e3 Bg7 7. Bd3 d6 8. Ngf3 f5 9. Rb1 Qxa2 10. O-O Nd7 11. Rb3 Qa5 12. Nc4 Qc7 13. Bxf5 b5 14. Ncd2 a5 15. Ng5 h6 16. Nxf7 Kxf7 17. Qh5+ Kf8 18. Be6 Ne5 19. f4 Bxe6 20. fxe5+ Kg8 21. dxe6 d5 22. Rf5 Kh7 23. Nf3 Rhf8 24. Ng5+ Kg8 25. Qg6 Rxf5 26. Qh7+ Kf8 27. Qxf5+ Kg8 28. Qh7+ Kf8 29. Qg6 Kg8 30. e4 Qxe5 31. Qh7+ Kf8 32. Rf3+ Qf6 33. Rxf6+ 1-0

[Event "Montreal op"]
[Site "Montreal CAN"]
[Date "2005.07.20"]
[Round "4"]
[White "Arsenault, Nicolas"]
[Black "Nicula, Marius"]
[Result "1-0"]
[WhiteElo "2048"]
[BlackElo "2163"]
[PlyCount "73"]
[GameId "2160767910901168"]
[EventDate "2005.07.15"]
[EventType "swiss"]
[EventRounds "9"]
[EventCountry "CAN"]
[SourceTitle "EXT 2007"]
[Source "ChessBase"]
[SourceDate "2006.11.23"]
[SourceVersion "1"]
[SourceVersionDate "2006.11.23"]
[SourceQuality "1"]

1. e4 e5 2. Nf3 Nc6 3. Nc3 Nf6 4. g3 d6 5. Bg2 g6 6. d3 Bg7 7. h3 O-O 8. Be3 Ne7 9. d4 exd4 10. Bxd4 Re8 11. O-O Nc6 12. Re1 Nxd4 13. Nxd4 c6 14. Qd2 Nd7 15. Rad1 Ne5 16. b3 Qa5 17. f4 Nd7 18. Kh2 Nf8 19. Nce2 Qb6 20. c4 Rd8 21. Rf1 Ne6 22. Nxe6 Bxe6 23. f5 Bd7 24. f6 Bf8 25. Nd4 a5 26. h4 Re8 27. h5 Re5 28. Bf3 Qc5 29. hxg6 fxg6 30. Kg2 h5 31. Rde1 Rg5 32. Nf5 Rxf5 33. exf5 Bxf5 34. Bxh5 Bh3+ 35. Kxh3 Qxh5+ 36. Kg2 Bh6 37. Qxd6 1-0

[Event "Montreal op"]
[Site "Montreal CAN"]
[Date "2005.07.20"]
[Round "4"]
[White "Berube, Antoine"]
[Black "Malek, Omid"]
[Result "1-0"]
[WhiteElo "2168"]
[BlackElo "2021"]
[PlyCount "107"]
[GameId "2160767910901169"]
[EventDate "2005.07.15"]
[EventType "swiss"]
[EventRounds "9"]
[EventCountry "CAN"]
[SourceTitle "EXT 2007"]
[Source "ChessBase"]
[SourceDate "2006.11.23"]
[SourceVersion "1"]
[SourceVersionDate "2006.11.23"]
[SourceQuality "1"]

1. d4 d5 2. c4 e6 3. Nc3 c6 4. Nf3 Nf6 5. Bg5 dxc4 6. e4 b5 7. e5 h6 8. Bh4 g5 9. Nxg5 hxg5 10. Bxg5 Nbd7 11. exf6 Bb7 12. g3 Qb6 13. Bg2 O-O-O 14. O-O Ne5 15. Be3 c5 16. dxc5 Bxc5 17. Bxc5 Qxc5 18. Bxb7+ Kxb7 19. Qe2 Rd3 20. Ne4 Qb6 21. Ng5 Qc7 22. Rfd1 Rhd8 23. Rxd3 cxd3 24. Qe4+ Rd5 25. Nf3 Nd7 26. Nd2 Nxf6 27. Qf3 Ne8 28. Nf1 Kb8 29. Rd1 Qd7 30. h4 f5 31. h5 Nf6 32. h6 Ne4 33. Ne3 Rc5 34. Qf4+ Kb7 35. Qh4 Rc7 36. Ng2 Ka6 37. Qf4 Rc5 38. f3 Nf6 39. Qg5 Ne8 40. Qe3 Rd5 41. h7 Qxh7 42. Qxe6+ Rd6 43. Qxe8 Qc7 44. Qe5 Qc6 45. Nf4 Rh6 46. Qe3 Qc2 47. Qd2 Qc5+ 48. Kg2 Qe5 49. Nxd3 Qh8 50. Nc5+ Kb6 51. Nd7+ Ka6 52. Rh1 Rxh1 53. Qd6+ Kb7 54. Nc5+ 1-0

[Event "Montreal op"]
[Site "Montreal CAN"]
[Date "2005.07.20"]
[Round "4"]
[White "Bolduc, Steve"]
[Black "Ye, Ling Feng"]
[Result "1-0"]
[WhiteElo "2233"]
[BlackElo "2051"]
[PlyCount "67"]
[GameId "2160767910901170"]
[EventDate "2005.07.15"]
[EventType "swiss"]
[EventRounds "9"]
[EventCountry "CAN"]
[SourceTitle "EXT 2007"]
[Source "ChessBase"]
[SourceDate "2006.11.23"]
[SourceVersion "1"]
[SourceVersionDate "2006.11.23"]
[SourceQuality "1"]

1. d4 Nf6 2. c4 g6 3. Nc3 Bg7 4. e4 d6 5. Be2 O-O 6. Nf3 e5 7. O-O Nc6 8. d5 Ne7 9. Nd2 Ne8 10. b4 f5 11. a4 fxe4 12. Ndxe4 h6 13. g4 a5 14. bxa5 Rxa5 15. Be3 b6 16. Qd2 Kh7 17. h4 Ng8 18. Kg2 Nef6 19. f3 Bd7 20. Bd3 Nxe4 21. Nxe4 Be8 22. h5 Kh8 23. hxg6 Bxg6 24. Rh1 Qe7 25. Bxh6 Bxh6 26. Rxh6+ Nxh6 27. Qxh6+ Bh7 28. Ng5 Qg7 29. Qh4 e4 30. Bxe4 Rg8 31. Rh1 Qb2+ 32. Kh3 Rg7 33. Nxh7 Kg8 34. Qd8+ 1-0

[Event "Montreal op"]
[Site "Montreal CAN"]
[Date "2005.07.20"]
[Round "4"]
[White "Caceres Cortes, Julio"]
[Black "Gilman, Arkadiy"]
[Result "0-1"]
[WhiteElo "2153"]
[BlackElo "2089"]
[PlyCount "96"]
[GameId "2160767910901171"]
[EventDate "2005.07.15"]
[EventType "swiss"]
[EventRounds "9"]
[EventCountry "CAN"]
[SourceTitle "EXT 2007"]
[Source "ChessBase"]
[SourceDate "2006.11.23"]
[SourceVersion "1"]
[SourceVersionDate "2006.11.23"]
[SourceQuality "1"]

1. e4 e6 2. d4 d5 3. Nc3 Nf6 4. Bg5 Bb4 5. e5 h6 6. Bd2 Nfd7 7. f4 c5 8. Nf3 cxd4 9. Nxd4 Nc6 10. Ncb5 Be7 11. Qg4 O-O 12. Bd3 Nc5 13. Be2 Qb6 14. Be3 a6 15. Nxc6 bxc6 16. Nd6 Qxb2 17. O-O Qc3 18. Bf2 Bxd6 19. exd6 Ne4 20. Bh4 Qc5+ 21. Kh1 Qxd6 22. Bd3 f5 23. Qe2 a5 24. g4 Qb4 25. g5 hxg5 26. Bxg5 Nxg5 27. fxg5 g6 28. Qe5 Ra7 29. Rab1 Qd2 30. Rb8 Raf7 31. Rg1 Bd7 32. Qd6 Rxb8 33. Qxb8+ Rf8 34. Qd6 Bc8 35. Rg3 Qb4 36. Qc7 Qb7 37. Qxa5 e5 38. Qc5 f4 39. Rg1 e4 40. Bf1 Bf5 41. c4 e3 42. Bg2 Be4 43. Bxe4 dxe4 44. Qd6 Qf7 45. Qxc6 Qf5 46. Rg4 e2 47. Rxf4 e1=Q+ 48. Kg2 Qd2+ 0-1

[Event "Montreal op"]
[Site "Montreal CAN"]
[Date "2005.07.20"]
[Round "4"]
[White "Carrier, Claude"]
[Black "Masse, Hugues"]
[Result "1-0"]
[WhiteElo "2078"]
[BlackElo "2255"]
[PlyCount "113"]
[GameId "2160767910901172"]
[EventDate "2005.07.15"]
[EventType "swiss"]
[EventRounds "9"]
[EventCountry "CAN"]
[SourceTitle "EXT 2007"]
[Source "ChessBase"]
[SourceDate "2006.11.23"]
[SourceVersion "1"]
[SourceVersionDate "2006.11.23"]
[SourceQuality "1"]

1. e4 e5 2. Nf3 Nc6 3. Bb5 a6 4. Ba4 Nf6 5. O-O b5 6. Bb3 Bb7 7. Re1 Bc5 8. c3 d6 9. h3 h6 10. d4 Bb6 11. Be3 O-O 12. Nbd2 exd4 13. cxd4 Nb4 14. Qe2 c5 15. a3 Nc6 16. dxc5 dxc5 17. e5 Nd5 18. Nf1 Nxe3 19. Nxe3 Nd4 20. Nxd4 cxd4 21. Nf5 Qg5 22. Qg4 Qxg4 23. hxg4 Rad8 24. e6 Ra8 25. e7 Rfb8 26. Nd6 Bc6 27. Bxf7+ Kh7 28. Rac1 Bd7 29. e8=Q Bxe8 30. Rxe8 Rxe8 31. Nxe8 Rd8 32. Rc6 Ba7 33. Bg6+ Kh8 34. Rd6 Rxd6 35. Nxd6 Kg8 36. Bd3 Kf8 37. f4 Bb8 38. Ne4 Bxf4 39. b3 Bc1 40. a4 bxa4 41. bxa4 a5 42. Kf2 Ke7 43. Nc5 Bd2 44. Nb3 Bc3 45. Kf3 Kf6 46. Ke4 Kg5 47. Be2 Kh4 48. Nxd4 g6 49. Ne6 Kg3 50. Bf3 Bd2 51. Kd3 Be1 52. Kc4 h5 53. g5 h4 54. Be4 Kf2 55. Kb5 Bd2 56. Kc6 Kg3 57. Kd7 1-0